Score 0/20 Timer 03:00
1 Play Today
% Correct
Lung
98.6%
Liver
98.3%
Leo
96.8%
London
94.1%
Leeds
93%
Latvia
89.9%
Larynx
87.1%
Luxembourg
84.8%
Liverpool
83.6%
Lincoln
80%
% Correct
Lebanon
79.9%
Linus
78%
Lithuania
71.2%
Lucius
60.5%
Lesotho
55.4%
Lando
50.9%
Leicester
49.8%
Liberius
29.2%
Ligament
22.1%
Lymphocyte
9.3%

You're not logged in!

Compare scores with friends on all Sporcle quizzes.
OR
Log In

Sporcle TV

Today on Sporcle TV


Watch our educational content, quiz creation guides, and fun videos on Sporcle TV.

Show Comments

Extras

Top Quizzes Today


Score Distribution

Your Account Isn't Verified!

In order to create a playlist on Sporcle, you need to verify the email address you used during registration. Go to your Sporcle Settings to finish the process.

Report this User

Report this user for behavior that violates our Community Guidelines.

Details: